<?xml version="1.0" encoding="UTF-8"?>
<collection xmlns:xsi="http://www.w3.org/2001/XMLSchema-instance" xsi:schemaLocation="http://www.loc.gov/MARC21/slim http://www.loc.gov/standards/marcxml/schema/MARC21slim.xsd" xmlns="http://www.loc.gov/MARC21/slim">
 <record>
  <leader>00000ctm a22000003i 4500</leader>
  <controlfield tag="001">UP-99796217613351814</controlfield>
  <controlfield tag="003">Buklod</controlfield>
  <controlfield tag="005">20221104143739.0</controlfield>
  <controlfield tag="006">t    gr     000 0|</controlfield>
  <controlfield tag="007">ta</controlfield>
  <controlfield tag="008">221104s2019    ph a   grb   |||0 u|eng |</controlfield>
  <datafield tag="035" ind1=" " ind2=" ">
   <subfield code="a">(iLib)UPD-00508870064</subfield>
  </datafield>
  <datafield tag="040" ind1=" " ind2=" ">
   <subfield code="a">DMC</subfield>
   <subfield code="e">rda</subfield>
  </datafield>
  <datafield tag="041" ind1="0" ind2=" ">
   <subfield code="a">eng</subfield>
  </datafield>
  <datafield tag="090" ind1="0" ind2="0">
   <subfield code="a">LG 993.5 2019 M3</subfield>
   <subfield code="b">N63</subfield>
  </datafield>
  <datafield tag="100" ind1="1" ind2=" ">
   <subfield code="a">Nobleza, Vince Marcus M.</subfield>
   <subfield code="e">author.</subfield>
  </datafield>
  <datafield tag="245" ind1="1" ind2="0">
   <subfield code="a">Oplan Hyglea</subfield>
   <subfield code="b">a feasibility study for an oral health communication campaign for the urban poor of Metro Manila</subfield>
   <subfield code="c">by Vince Marcus M. Nobleza, Jary Cedrych C. Paragas; Ferenando dlC Paragas, adviser.</subfield>
  </datafield>
  <datafield tag="264" ind1=" " ind2="0">
   <subfield code="a">Quezon City</subfield>
   <subfield code="b">College of Mass Communication, University of the Philippines Diliman</subfield>
   <subfield code="c">May 2019.</subfield>
  </datafield>
  <datafield tag="300" ind1=" " ind2=" ">
   <subfield code="a">vii, 125 leaves</subfield>
   <subfield code="b">illustrations</subfield>
   <subfield code="c">28 cm</subfield>
  </datafield>
  <datafield tag="336" ind1=" " ind2=" ">
   <subfield code="a">text</subfield>
   <subfield code="2">rdacontent</subfield>
  </datafield>
  <datafield tag="337" ind1=" " ind2=" ">
   <subfield code="a">unmediated</subfield>
   <subfield code="2">rdamedia</subfield>
  </datafield>
  <datafield tag="338" ind1=" " ind2=" ">
   <subfield code="a">volume</subfield>
   <subfield code="2">rdacarrier</subfield>
  </datafield>
  <datafield tag="502" ind1=" " ind2=" ">
   <subfield code="a">Thesis (A. B. Communication Research)--University of the Philippines Diliman</subfield>
   <subfield code="d">May 2019.</subfield>
  </datafield>
  <datafield tag="504" ind1=" " ind2=" ">
   <subfield code="a">Includes bibliographical references.</subfield>
  </datafield>
  <datafield tag="506" ind1="0" ind2=" ">
   <subfield code="a">Available to the general public.</subfield>
  </datafield>
  <datafield tag="520" ind1="3" ind2=" ">
   <subfield code="a">The right to good health is fundamental and basic for everyone. The Philippines, being a developing country, is prone to serious threats in the general health and wellness of its citizens. Accordingly, Filipinos have always been at the forefront of vulnerability towards various diseases. One key health aspect Filipinos often forget and take for granted is their oral health. Oral health focuses on the well-being of the mouth, teeth, and gums. Poor oral health affects millions of Filipinos. Disease and other ailments, including those caused by poor oral health behavior, are often addressed through effective and efficient health policies. These interventions, however, can only be effectively carried out if information and knowledge about them are properly communicated. Correct and precise communication efforts are needed for public health interventions to be effective. Thus, this research is a feasibility study for an oral health communication campaign for the urban poor of Metro Manila. Results indicate that oral health is seen as a relevant health issue among the respondents. With high mean scores for perceived threat and perceived behavioral benefits, respondents therefore see the necessity of oral health as well as its relation to their overall health well-being. Results for both perceived severity and susceptibility support this findings as well. Respondents affirm oral health's impact in their daily lives and the consequences it may cause if not practiced properly. Furthermore, the acceptability of information about oral health and the use of seminars to impart such are high among the respondents. These findings signify the feasibility of an overall oral health communication campaign. This research thus proposes an integrated framework that can be used for perception and feasibility studies in the health sector. In line with this, it raises the importance and necessity of considering context as a relevant influencer towards health behavior change. Moreover, it assumes the finding that threat of a health issue is as relevant as its benefits. Thus, the two should be utilized in message design and implementation.</subfield>
  </datafield>
  <datafield tag="650" ind1="0" ind2="0">
   <subfield code="a">Mouth</subfield>
   <subfield code="x">Care and hygiene</subfield>
   <subfield code="z">Philippines</subfield>
   <subfield code="z">Manila Metropolitan Area.</subfield>
  </datafield>
  <datafield tag="700" ind1="1" ind2=" ">
   <subfield code="a">Paragas, Jary Cedryck C.</subfield>
   <subfield code="e">author.</subfield>
  </datafield>
  <datafield tag="700" ind1="1" ind2=" ">
   <subfield code="a">Paragas, Fernando dlC</subfield>
   <subfield code="e">thesis adviser.</subfield>
  </datafield>
  <datafield tag="710" ind1="2" ind2=" ">
   <subfield code="a">University of the Philippines Diliman.</subfield>
   <subfield code="b">College of Mass Communication.</subfield>
  </datafield>
  <datafield tag="842" ind1=" " ind2=" ">
   <subfield code="a">Thesis</subfield>
  </datafield>
  <datafield tag="905" ind1=" " ind2=" ">
   <subfield code="a">FI</subfield>
  </datafield>
  <datafield tag="905" ind1=" " ind2=" ">
   <subfield code="a">UP</subfield>
  </datafield>
  <datafield tag="852" ind1="0" ind2=" ">
   <subfield code="a">UPD</subfield>
   <subfield code="b">DMC</subfield>
   <subfield code="h">LG 993.5 2019</subfield>
   <subfield code="i">M3 N63</subfield>
  </datafield>
  <datafield tag="942" ind1=" " ind2=" ">
   <subfield code="a">Thesis</subfield>
  </datafield>
 </record>
</collection>
